000 00314nam a22001337a 4500
008 190205b xxu||||| |||| 00| 0 eng d
020 _a61327
041 _aeng
080 _a316
100 _a50
101 _aSOC
245 _aThe Exploitation of Illness in Capitalist Society
_cWaitzkin, H.B
942 _2udc
_cBK
999 _c53975
_d53975